000
00309 a2200133 4500
000
nam a22 7a 4500
100
_a
Arathi, P M
110
_a
Arathi, P M
245
_a
Public health in India: Policy shifts and trends
250
_a
Latest edition
260
_b
Sage
264
_b
Sage
942
_c
BK
999
_c
357261
_d
357261